| 000 | 00704nam a2200205Ia 4500 | ||
|---|---|---|---|
| 003 | GCL | ||
| 008 | 140319s9999 xx 000 0 ara d | ||
| 020 | _a0016075977 | ||
| 040 |
_aGCL / _cGCL |
||
| 082 | 0 | 4 |
_a329.0223 _bم ا |
| 100 | 1 | _aمحسن يوسف | |
| 245 | 1 | 0 |
_aاسماعيل سراج الدين ومعركة اليونسكو / _cمحسن يوسف |
| 250 | _aالاولى | ||
| 260 |
_aالقاهرة : _bأطلس للنشر والانتاج الاعلامى ، _c2002 |
||
| 300 |
_a223 ص ؛ _c24 سم |
||
| 650 | 0 | 4 | _aالانتخابات - قوانين وتشريعات |
| 650 | 0 | 4 | _aاسماعيل سراج الدين |
| 650 | 0 | 4 | _aالانتخابات - حملات |
| 942 |
_2ddc _cBK |
||
| 999 |
_c5330 _d5330 |
||